| 000 | 00724nam a22003017a 4500 | ||
|---|---|---|---|
| 003 | OSt | ||
| 005 | 20140401081035.0 | ||
| 008 | 140401b xxu||||| |||| 00| 0 eng d | ||
| 020 | _a9780590999250 | ||
| 050 |
_aLB 1049.9 _b.Sh542s55 1997 |
||
| 100 | _aShefelbine, John. | ||
| 245 |
_aFollow it! / _cJohn Shefelbine. |
||
| 260 |
_aUSA : _bScholastic Inc., _cc1997. |
||
| 300 |
_a15 p. : _bcol. ill. ; _c14 cm. |
||
| 521 | _aG1 | ||
| 526 | _c200 | ||
| 650 | _aReaders (Primary) | ||
| 650 |
_aReading _xPhonetic method. |
||
| 942 |
_2lcc _cBK |
||
| 999 |
_c48882 _d48882 |
||